| 000 | 00867cab a2200241 4500 | ||
|---|---|---|---|
| 001 | ABS56542 | ||
| 008 | 090401t1997 xxu||||| |||| 00| 0 eng d | ||
| 035 | _a(Sirsi) u24400 | ||
| 041 | _aeng | ||
| 100 | _aRushton, J | ||
| 245 | _aAll that glistens...is not necessarily gold | ||
| 260 | _c1997 | ||
| 350 | _a0 | ||
| 490 |
_aCivil Engineering Surveyor _v22(1) February 1997, 31-33(3) |
||
| 520 | _aLooks at the Arbitration Act 1996 and assesses the probable impact on the settlement of construction disputes. Uses examples to demonstrate possible problem areas. | ||
| 650 | _aARBITRATION ACT 1996 | ||
| 650 | _aCONSTRUCTION DISPUTES | ||
| 650 | _aCONTRACTORS | ||
| 650 |
_aDISPUTE RESOLUTION _96236 |
||
| 690 | _aMANAGEMENT-DISPUTE AVOIDANCE, MANAGEMENT AND RESOLUTION-DISPUTE MANAGEMENT AND RESOLUTION-ARBITRATION | ||
| 942 | _n0 | ||
| 948 | _c04/03/1997 | ||
| 999 |
_c16362 _d16362 |
||